Представление документа в формате MARC21

Поле Инд. ПП Название Значение
Тип записи a
Библиографический уровень b
001 Контрольный номер RU/IS/BASE/172765926
005 Дата корректировки 20200522190922.6
008 Кодируемые данные 20050622
084 a Индекс другой классификации/Индекс ББК 88.94
100 1_ a Автор Линде Н. Д.
q Полное имя Линде Николай Дмитриевич
245 a Заглавие Новые методы саморегуляции
504 a Библиография Библиогр.: с. 99
650 a Основная рубрика практическая психология (прикладная психология)
a Основная рубрика психология
a Основная рубрика психотерапия
653 a Ключевые слова психотерапевтические методы
a Ключевые слова саморегуляция личности
a Ключевые слова эмоционально-образная терапия
773 t Заглавие источника Журнал практического психолога
d Дата издания источника 2005
g Прочая информация № 1. - С. 81 - 99
w Контрольный № источника RU/IS/BASE/166630077
901 t Тип документа b